| 000 | 00730nam a2200229 a 4500 | ||
|---|---|---|---|
| 001 | 19189 | ||
| 003 | CO-ViMGA | ||
| 008 | 141112s2004 ck r 000 u spa d | ||
| 020 | _a9586823032 | ||
| 040 |
_aCO-ViMGA _bspa _cCO-ViMGA |
||
| 082 | 0 | 4 | _aMEVIGAPOR.2 M177e |
| 100 | 1 |
_aMartínez Durá, Rafael; Boluda Grau, Jose A.; Perez Solano, Juan J. _927531 |
|
| 245 | 1 | 0 | _aEstructura de computadores y perifericos |
| 260 |
_aMexico : _bAlfaomega; 2001 |
||
| 300 | _a374 p. | ||
| 590 |
_aForma de adquisición : Proyecto 2005 - - Precio : _32.850 |
||
| 650 | 1 | 4 |
_aARQUITECTURA DE COMPUTADORES _927532 |
| 650 | 1 | 4 |
_aDISPOSITIVOS PERIFERICOS _927533 |
| 650 | 1 | 4 |
_aENTRADA DE DATOS _927534 |
| 650 | 1 | 4 | _aINFORMATICA |
| 942 |
_2ddc _cBK |
||
| 999 |
_c28351 _d28351 |
||